Microeconometrics using stata. 2 Vols (Record no. 1224841)

MARC details
000 -LEADER
fixed length control field 00720nam a2200241Ia 4500
005 - DATE AND TIME OF LATEST TRANSACTION
control field 20241129104210.0
008 - FIXED-LENGTH DATA ELEMENTS--GENERAL INFORMATION
fixed length control field 241129s9999||||xx |||||||||||||| ||und||
020 ## - INTERNATIONAL STANDARD BOOK NUMBER
International Standard Book Number 9781597183598
037 ## - SOURCE OF ACQUISITION
Stock number Reference
040 ## - CATALOGING SOURCE
Original cataloging agency RTL
Language of cataloging eng
Transcribing agency RTL
041 ## - LANGUAGE CODE
Language code of text/sound track or separate title eng
Source of code eng
084 ## - COLON CLASSIFICATION NUMBER
Classification number X:71:(B) P9;R2.1-.2
Assigning agency RTL
100 ## - MAIN ENTRY--PERSONAL NAME
Personal name Cameron A Colin; Trivedi Pravin K
245 #0 - TITLE STATEMENT
Title Microeconometrics using stata. 2 Vols
Statement of responsibility, etc. Cameron A Colin; Trivedi Pravin K
250 ## - EDITION STATEMENT
Edition statement 2nd
260 ## - PUBLICATION, DISTRIBUTION, ETC.
Place of publication, distribution, etc. Texas
Name of publisher, distributor, etc. Stata Press
Date of publication, distribution, etc. 2022
300 ## - PHYSICAL DESCRIPTION
Extent xvii 818-1675p.
365 ## - TRADE PRICE
Price type code INR
Price amount 7580
490 ## - SERIES STATEMENT
Volume/sequential designation 01502777- V2:(xvii 818-1675p.)
650 ## - SUBJECT ADDED ENTRY--TOPICAL TERM
Topical term or geographic name entry element Econometrics
942 ## - ADDED ENTRY ELEMENTS (KOHA)
Koha item type
Classification part X:71:(B) P9;R2.1-.2
Holdings
Withdrawn status Lost status Damaged status Not for loan Home library Current library Date acquired Source of acquisition Cost, normal purchase price Inventory number Total Checkouts Full call number Barcode Date last seen Price effective from Koha item type
        Ratan Tata Library Ratan Tata Library 2024-11-29 Classic book service 7580.00 239 & 21/02/2023   X:71:(B) P9;R2.1-.2 RT1502777 2024-11-29 2024-11-29  
Copyright @ Delhi University Library System